Four Decades of China's Diplomacy / (Record no. 588763)
[ view plain ]
| 000 -LEADER | |
|---|---|
| fixed length control field | 00301nam a22001097a 4500 |
| 082 ## - DEWEY DECIMAL CLASSIFICATION NUMBER | |
| Classification number | 951 |
| Author Mark | CHI |
| 245 ## - TITLE STATEMENT | |
| Title | Four Decades of China's Diplomacy / |
| Statement of responsibility, etc. | Deng Xiaopeng |
| 260 ## - PUBLICATION, DISTRIBUTION, ETC. | |
| Place of publication, distribution, etc. | Beijing-China : |
| Name of publisher, distributor, etc. | Foreign Affairs Republic of China, |
| Date of publication, distribution, etc. | 1989. |
| 300 ## - PHYSICAL DESCRIPTION | |
| Extent | 348p. ; |
| Dimensions | 38 cm. |
| 563 ## - BINDING INFORMATION | |
| Binding note | HBK. |
| 942 ## - ADDED ENTRY ELEMENTS (KOHA) | |
| Source of classification or shelving scheme | |
| Koha item type | Book |
| Withdrawn status | Lost status | Source of classification or shelving scheme | Damaged status | Not for loan | Permanent Location | Current Location | Shelving location | Date acquired | Source of acquisition | Total Checkouts | Full call number | Barcode | Date last seen | Price effective from | Koha item type |
|---|---|---|---|---|---|---|---|---|---|---|---|---|---|---|---|
| Central Library (CL) | Central Library (CL) | Chinese Studies | 03/15/2022 | Donated by China Embassy | 951 CHI | CL-D-1541 | 02/20/2023 | 03/15/2022 | Book |
